Movies Quiz

Random Movies or Actress Quiz

Beauty And The Beast 2017 Cast Quiz Stats

 Plays Quiz not verified by Sporcle

Score 0/12 Timer 11:00
0 Plays Today
Character Actor/Actress % Correct
BelleEmma Watson
100%
Beast/Prince AdamDan Stevens
83.3%
LeFouJosh Gad
83.3%
CogsworthIan McKellen
83.3%
GastonLuke Evans
75%
LumiereEwan McGregor
75%
Mrs. PottsEmma Thompson
75%
MauriceKevin Kline
58.3%
Maestro CadenzaStanley Tucci
58.3%
Madame De GarderobeAudra McDonald
50%
PlumetteGugu Mbatha-Raw
33.3%
ChipNathan Mack
16.7%

You're not logged in!

Compare scores with friends on all Sporcle quizzes.
OR
Log In

Sporcle TV

Today on Sporcle TV


Watch our educational content, quiz creation guides, and fun videos on Sporcle TV.

Show Comments

Extras

Top Quizzes Today


Score Distribution

Your Account Isn't Verified!

In order to create a playlist on Sporcle, you need to verify the email address you used during registration. Go to your Sporcle Settings to finish the process.

Report this User

Report this user for behavior that violates our Community Guidelines.

Details: